Textile fabrics and their selection

Gorde:
Xehetasun bibliografikoak
Egile nagusia: Isabel B Wingate
Formatua: Liburua
Hizkuntza:Undetermined
Argitaratua: New Jersey Prentice-Hall 1964
Gaiak:
Etiketak: Etiketa erantsi
Etiketarik gabe, Izan zaitez lehena erregistro honi etiketa jartzen!
Thư viện lưu trữ: Trung tâm Học liệu Trường Đại học Cần Thơ
LEADER 00485nam a2200181Ia 4500
001 CTU_11775
008 210402s9999 xx 000 0 und d
082 |a 677.4 
082 |b W769 
100 |a Isabel B Wingate 
245 0 |a Textile fabrics and their selection 
245 0 |c Isabel B Wingate 
260 |a New Jersey 
260 |b Prentice-Hall 
260 |c 1964 
650 |a textile industry 
904 |i Minh, 961102 
980 |a Trung tâm Học liệu Trường Đại học Cần Thơ